Normal view
MARC view
- Hughes, William F
Entry Personal Name
001 - CONTROL NUMBER
- control field: 39351
003 - CONTROL NUMBER IDENTIFIER
- control field: NUST
005 - DATE AND TIME OF LATEST TRANSACTION
- control field: 20210314131420.0
008 - FIXED-LENGTH DATA ELEMENTS
- fixed length control field: 210314|| aca||aabn | a|a d
040 ## - CATALOGING SOURCE
- Original cataloging agency: NUST
- Transcribing agency: NUST
100 ## - HEADING--PERSONAL NAME
- Personal name: Hughes, William F
670 ## - SOURCE DATA FOUND
- Source citation: Work cat.: (NUST): Hughes, William F, Basic Equation of Engineering Science /, c1964
